00924cam a22002411 4500001001300000003000400013005001700017007001500034008004100049010001700090035002000107040005100127042001200178050001600190110004700206245010100253260005000354300001800404505009200422530006900514600004800583856005100631e 09000652 DLC20260227111150.0cr_|||||||||||911019s1909 dcu b 000 0 eng c ae 09000652  a(OCoLC)24588540 aLibrary, U.S. Bur. of EducationcRPBdRPBdDLC apremarc00aZ8505b.D611 aDistrict of Columbia.bBoard of Education.10aPublic schools of the District of Columbia.bObservance of Lincoln centenary, February 12, 1909. aWashington,bN.T. Elliott Printing Co,c1909. a20 p.c23 cm.0 aSuggestions for the observance of the Lincoln centenary.--A brief Lincoln bibliography. aAlso available in digital form on the Internet Archive Web site.10aLincoln, Abraham,d1809-1865vBibliography.41uhttp://hdl.loc.gov/loc.gdc/scd0001.00058529163